000 00341nam a2200133Ia 4500
100 _aNanjundiah/H.N
942 _cBK
654 _azero defect management
245 _aTowards executive excellence:towards zero defect management
260 _bMMC School Of Management
_aMumbai
082 _a658.409
_bNAN
546 _aENGLISH
999 _c19972
_d19972